[Event "Paris-ch op-B 87th"]
[Site "Paris"]
[Date "2012.07.09"]
[Round "3"]
[White "Seme, Christian"]
[Black "Goeller, Charles"]
[Result "0-1"]
[WhiteElo "1835"]
[BlackElo "1943"]
[PlyCount "110"]
[EventDate "2012.07.07"]
[EventType "swiss"]
[EventRounds "9"]
[EventCountry "FRA"]
[SourceTitle "EXT 2013"]
[Source "ChessBase"]
[SourceDate "2012.11.22"]
[SourceVersion "1"]
[SourceVersionDate "2012.11.22"]
[SourceQuality "1"]

1. e4 c5 2. Nf3 d6 3. d4 cxd4 4. Nxd4 Nf6 5. Nc3 g6 6. Be3 Bg7 7. Bc4 Nc6 8. f3 Bd7 9. Qd2 h5 10. Bb3 a6 11. 0-0-0 b5 12. Nxc6 Bxc6 13. Nd5 Nd7 14. Kb1 Nc5 15. Bd4 Bxd4 16. Qxd4 e5 17. Qd2 Nxb3 18. cxb3 Bxd5 19. Qxd5 Ke7 20. Rc1 Qd7 21. Rc6 Rhc8 22. Rhc1 g5 23. R1c3 g4 24. fxg4 hxg4 25. Kc1 Rxc6 26. Qxc6 Qxc6 27. Rxc6 Kd7 28. Rc3 Rh8 29. h3 gxh3 30. gxh3 Rh4 31. Re3 Ke6 32. Kd2 d5 33. exd5+ Kxd5 34. Rf3 Ke6 35. Rc3 f5 36. Rc6+ Kd5 37. Rxa6 Rxh3 38. Rb6 Kc5 39. Re6 Rh2+ 40. Ke3 f4+ 41. Ke4 Re2+ 42. Kf3 Re3+ 43. Kg4 f3 44. Rf6 e4 45. Rf5+ Kd4 46. Kg3 Re2 47. a4 bxa4 48. bxa4 Rg2+ 49. Kh3 Rxb2 50. a5 Ra2 51. Kg3 Ke3 52. Rb5 Rg2+ 53. Kh4 Rg6 54. Rb3+ Kf4 55. Rb4 Rh6# 0-1

[Event "Paris-ch op-B 87th"]
[Site "Paris"]
[Date "2012.07.08"]
[Round "2"]
[White "Mezioud, Rimel"]
[Black "Seme, Christian"]
[Result "1-0"]
[WhiteElo "2034"]
[BlackElo "1835"]
[PlyCount "75"]
[EventDate "2012.07.07"]
[EventType "swiss"]
[EventRounds "9"]
[EventCountry "FRA"]
[SourceTitle "EXT 2013"]
[Source "ChessBase"]
[SourceDate "2012.11.22"]
[SourceVersion "1"]
[SourceVersionDate "2012.11.22"]
[SourceQuality "1"]

1. e4 c5 2. Nf3 d6 3. d4 cxd4 4. Nxd4 Nf6 5. Nc3 a6 6. a4 Nc6 7. Be2 e6 8. 0-0 Be7 9. Be3 Qc7 10. f4 0-0 11. Nb3 b6 12. Bf3 Bb7 13. Qe2 Nd7 14. Rad1 Rac8 15. Rd2 Rfd8 16. Rfd1 Nc5 17. Nxc5 dxc5 18. f5 Nd4 19. Bxd4 cxd4 20. Nb1 Bb4 21. c3 dxc3 22. bxc3 Bc5+ 23. Kh1 exf5 24. exf5 Bxf3 25. Qxf3 Rxd2 26. Nxd2 Bd6 27. Ne4 Be5 28. Qd3 a5 29. h3 h6 30. Qb5 Bf4 31. f6 Qe5 32. Qd7 Rc7 33. Qd8+ Kh7 34. Qd3 g6 35. Qd8 h5 36. Re1 Rxc3 37. Qf8 Bh6 38. Ng5+ 1-0

[Event "Paris-ch op-A"]
[Site "Paris"]
[Date "2010.07.06"]
[Round "4"]
[White "Pietinen, Pekka"]
[Black "Seme, Christian"]
[Result "1/2-1/2"]
[WhiteElo "2030"]
[BlackElo "1902"]
[PlyCount "93"]
[EventDate "2010.07.03"]
[EventType "swiss"]
[EventRounds "9"]
[EventCountry "FRA"]
[SourceTitle "CBM 137 Extra"]
[Source "ChessBase"]
[SourceDate "2010.09.01"]
[SourceVersion "1"]
[SourceVersionDate "2010.09.01"]
[SourceQuality "1"]

1. e4 c5 2. Nf3 d6 3. d4 cxd4 4. Nxd4 Nf6 5. f3 a6 6. c4 g6 7. Nc3 Bg7 8. Be3 0-0 9. Qd2 Re8 10. Be2 Nc6 11. 0-0 Bd7 12. Rac1 Rc8 13. Nd5 Nxd5 14. Nxc6 bxc6 15. cxd5 cxd5 16. exd5 Rb8 17. b3 Bb5 18. Rfd1 Qd7 19. Bxb5 Qxb5 20. Rc4 Rec8 21. Rdc1 Rxc4 22. Rxc4 Bf6 23. g3 h5 24. Kg2 Qb7 25. Rc6 Qb5 26. h3 a5 27. Rc4 Qxc4 28. bxc4 Rb2 29. Kf1 Rxd2 30. Bxd2 a4 31. Ke2 Kf8 32. Kd3 e6 33. Bb4 Ke7 34. g4 Be5 35. gxh5 gxh5 36. Bd2 Kf6 37. Ke4 Bb2 38. Bf4 Ba3 39. Bg3 Bc5 40. Bh4+ Kg6 41. dxe6 fxe6 42. Bd8 Bb4 43. Bb6 Ba3 44. Be3 Bb4 45. f4 Ba3 46. Bd4 Bb4 47. Be3 1/2-1/2